000 00682nam a2200265Ia 4500
001 30592
005 20240114001453.0
007 ta
008 060722s1924 g b000 u 465 u
040 _aCotton College,Assam
041 _a465
082 _a294.1452
_bGh 68 Is
100 _aGhose, Aurobindo .
245 0 _aIsha Upanishad /
_cAurobindo Ghose.
_hTextual Documents
250 _a2nd ed. /
260 _aCalcutta :
_bArya Publishing House ,
_c1924.
300 _a121p. ;
_c18cm.
653 _aReligion-Hindu
653 _aUpanisad
653 _aIsha Upanishad
653 _aG-Religion
942 _2ddc
_cBK
999 _c30574
_d30574